Current distributions and electrode shape changes in electrochemical system

Uloženo v:
Podrobná bibliografie
Hlavní autor: Deconinck, J (Autor)
Médium: Kniha
Jazyk:angličtina
Vydáno: Berlín Springer-Verlag 1992
Edice:Lecture Notes in Engineering, 75
Témata:
Tagy: Přidat tag
Žádné tagy, Buďte první, kdo vytvoří štítek k tomuto záznamu!

MARC

LEADER 00000nam a2200000 a 4500
001 UCG5915
003 CL-VaPUC
008 110324e19920000GW |||||||||||||||||eng|d
020 |a 3540551042 
082 0 4 |a 541.37220  |b DEC  |2 21 
100 0 |a Deconinck, J  |e author  |9 555841 
245 1 0 |a Current distributions and electrode shape changes in electrochemical system 
300 |a 281 p 
942 |c BK 
945 |d 20110324 00:00:00  |a jcampos 
260 |a Berlín  |b Springer-Verlag  |c 1992 
650 0 |a Electroquímica  |9 263973 
650 0 |a Química  |9 259896 
650 7 |a ELECTRODOS  |2 CL-VaPUC  |9 306983 
583 |a last modification  |c 20110324 00:00:00  |k Rodrigo Vera 
490 0 |a Lecture Notes in Engineering, 75 
999 |c 344254  |d 344252 
952 |0 0  |1 0  |4 0  |6 541_372200000000000_DEC_1992  |7 0  |8 A  |9 442121  |a BIBING  |b BIBING  |d 2019-11-22  |i 4758757  |o 541.37220 DEC 1992  |p 4758757  |r 2025-01-20  |w 2019-11-22  |y BK  |k EIQ